000
00251nam a2200109Ia 4500
008
190216s9999||||xx |||||||||||||| ||und||
100
_a
Bali.N.P
245
0
_a
Golden Statitics
260
_b
Laxmi Publication Ltd
650
_a
Mathematics
942
_c
BK
999
_c
30719
_d
30719